MDQL
is popping MORE tags! Check the
thread
!
Quizzes
Events
Quiz Creation
Community
Videos
Private Events
Remove Ads
Sign In
Join for FREE
Feedback
Dark Mode
Quiz Categories
Sports
Geography
Music
Movies
Television
Just For Fun
Miscellaneous
History
Literature
Language
Science
Gaming
Entertainment
Religion
Holiday
For Kids
Quiz Lab
Recent
Popular Today
Quiz Kudos Today
Editor Picks
Curator Picks
Quizzes by...
Day
Popularity
Type
Ratings
Length
Year
Community
Subscriptions
Recent Discussions
Orange Saloon
Badges
Playlists
Quests
Create
Leaderboards
Showdown
Live 5
Trivia Bingo
Activity
Puzzle Library
Sporcle Events
Private Events
Virtual Trivia
Globe League
Become a Host
Pub Owners
SporcleCon
Opinionation
Our Games
Videos
Blog
Mobile Apps
Partnerships
Remove Ads and Go Orange
Feedback
Entertainment
Celebrity
Famous
Musical
Broadway
Show
Quote
Comic Books
Anime
Superhero
DC Comics
Marvel
Cartoons
Animation
Entertainment
Celebrity
Famous
Musical
Broadway
Show
Quote
Comic Books
Anime
Superhero
DC Comics
Marvel
Cartoons
Animation
Random Quiz
Search Sporcle
×
Quiz Lab
Quiz Lab
Entertainment
Quote
Type in answers that appear in a list
Type in answers that appear in a list
Classic
Best Score? Go Orange.
Top 10 Retweeted Tweets in 2010 Stats
Can you name the people who posted one of the top 10 retweets in 2010?
By
Ellix
3m
10 Questions
216 Plays
216 Plays
216 Plays
Comments
Comments
Give Quiz Kudos
Give Quiz Kudos
-
- Ratings
hide this ad
Replay
Link that replays current quiz
Next Quiz
Link to next quiz in quiz playlist
You Got
0%
They Got
Avg Score
24%
Avg Friend Score
Upgrade to see
Score Distribution
Jump to the score distribution portion of the page
Score
0/10
Timer
03:00
0
Plays Today
Tweet
Person/Twitter Handle
% Correct
I'm sorry Taylor.
Kanye West
78.7%
I'm beautiful in my way, 'cause God makes no mistakes. I'm on the right track, baby. I was Born This Way.
Lady Gaga
60.6%
Te quiero mucho mi amor.
Justin Bieber
36.1%
Don't focus on the one guy who hates you. You don't go to the park and set your picnic down next to the only pile of dog sh*t.
Justin Halpern/sh*tmydadsays
17.1%
In honor of oil-
soaked birds, 'tweets' are now 'gurgles.'
http:/
/
bit.ly/
cIhZNf
Stephen Colbert/StephenAtHome
13.4%
Justin Bieber just flashed me his abs in the middle of a restaurant! Wow! He actually had a lil 6 pack! Sexy, lol! #Beliebersplzdontkillme
Rihanna
12.5%
I cry because I love Justin Bieber!!!
Joe Jonas
9.7%
Just noticed Twitter keeps prompting me to 'Add a location to your tweets'. Not falling for that one.
Al-Qaeda/alqaeda
7.4%
Aaaaaaahhhhhhmmmmm baaaaakkkkkkkkkk!
Lil Wayne/liltunechi
7.4%
We always ignore the ones who adore us, and adore the ones who ignore us.
Drake/drakkardnoir
3.2%
Quiz Playlist
Details
Report
Send in Message
Add To Playlist
Classic:
Type in answers that appear in a list
Quiz Source
Last Updated: Feb 16, 2017
Quiz Scoreboard
CHALLENGE
Sign Up to Join the Scoreboard
Show All
Scores
Hide
Comments
May contain spoilers
Recently Published
1-10 Letter E Words III
by El_Dandy
Language
2m
Street Fighter Characters
by Artimus82
Gaming
60s
College Basketball Coaching Resumes
by pancakes188
Sports
9m
More to Explore
Quiz From the Vault
Featured Blog Post
Where Did the Easter Bunny Come From?
hide this ad
You Might Also Like...
Tags
Celebrity Quiz
Quote Quiz
2010
handle
Musician
Person
trend
Twitter
Twitterer
Today's Top Quizzes in Entertainment
Browse Entertainment
hide this ad
Today's Top Quizzes in Quote
Browse Quote
Top Contributed Quizzes in Entertainment
1
7-to-1: DC Comics Villains
2
Marvel Characters Bunker
3
Dragon Ball Z: Goku's Fights in Order
4
Eurovision 2023 Logic Puzzle
5
Sorting Pictures: Villains
6
Criteria Quickie: Cartoon Taxonomy II
7
7-to-1: One Piece
8
Mini Trivia Sudoku: Musicals
9
One Piece Characters Order of Appearance
10
Click the Cartoon Scott
Explore More
Trending Topics
Disney
NBA
Crossword
Marvel
Anime
Kpop
Harry Potter
Soccer
The Office
Puzzle
WWE
NFL
Pokémon
Song
Country
hide this ad
More By:
Ellix
Quiz
Plays
Rating
Category
Featured
Created
Poké Ball by Picture
153,593
4.55
Gaming
Jun 7, 2012
Accidental Inventions
104,127
4.61
History
Mar 10, 2010
Eponymous Diseases A-Z
96,196
4.45
Science
Mar 5, 2010
Theme from Symbols
94,005
4.49
Miscellaneous
May 2, 2010
Wikipedia's Edit Wars
76,153
4.68
Just For Fun
Jan 22, 2011
Go to Creator's Profile
Score Distribution
Quiz Creator Spotlight
Ellix
Follow
Send a Message
Quizzes Created
-
Created Quiz Play Count
-
More By This Creator
Popular Quizzes Today
1
Find the US States - No Outlines Minefield
2
Find the Countries of Europe - No Outlines Minefield
3
The Countries of the World
4
Find the US States
5
Risky Map Clicking: Biggest States A-Z
6
US States
7
Popular People in 1961
8
Movies - When Are They Set?
More Entertainment Quizzes
Who's That at the Super Bowl?
Published
Trending Quizzes
Risky Map Clicking: Least Populous States A-Z
1-10 Letter G Words
1-10 Letter F Words
Countries of the World: 200 Million BC
Risky Map Clicking: Next State Alphabetically
Recently Updated
Most Oscar Losses (Acting)
pecheneg
Beyoncé Albums
pecheneg
Leaping Animals
pecheneg
Reality TV Shows (A-Z)
bhenderson79
Rickey Henderson's Hall of Fame Teammates
pecheneg
Champions League XIs: Arsenal
pecheneg
Quick Pick: Celebrities in WWE's Hall of Fame
aduchscher
A-Z Keypad Blitz II
pecheneg
Multiple Oscar Actors
pecheneg
Mystery Phrase Blitz: Oscar 'Best Actors'
pecheneg
Trending Topics
Marvel
Disney
Harry Potter
Anime
Kpop
Crossword
NBA
The Office
NFL
Pokémon
Soccer
Song
Puzzle
WWE
Country
Your Account Isn't Verified!
In order to create a playlist on Sporcle, you need to verify the email address you used during registration. Go to your
Sporcle Settings
to finish the process.
Report this User
Report this user for behavior that violates our
Community Guidelines
.
Details:
Send Report
Go to the Sporcle.com Mobile Site →
Comments